[Event "Massy op"]
[Site "Massy"]
[Date "2010.06.??"]
[Round "?"]
[White "Bagoe, Stephen"]
[Black "Tchimichkian, Vardan"]
[Result "0-1"]
[WhiteElo "1703"]
[BlackElo "1565"]
[PlyCount "98"]
[EventDate "2010.06.??"]
[EventType "swiss"]
[EventRounds "7"]
[EventCountry "FRA"]
[SourceTitle "EXT 2011"]
[Source "ChessBase"]
[SourceDate "2010.11.26"]
[SourceVersion "1"]
[SourceVersionDate "2010.11.26"]
[SourceQuality "1"]

1. c4 b5 2. b3 e5 3. Bb2 e4 4. e3 f5 5. Nh3 Nf6 6. cxb5 d5 7. Be2 Bd6 8. Nf4 Bb7 9. Nh5 Qe7 10. Nxf6+ gxf6 11. Bh5+ Kd8 12. f4 Nd7 13. d4 Qg7 14. Qe2 Nf8 15. Nd2 Ne6 16. 0-0-0 a5 17. g4 Qh6 18. gxf5 Ng7 19. Bg4 a4 20. h3 axb3 21. axb3 Ke7 22. Kc2 c5 23. bxc6 Bxc6 24. Ra1 Rhc8 25. Kb1 Rab8 26. Rc1 Bb5 27. Ra7+ Kd8 28. Rxc8+ Kxc8 29. Qd1 Bd3+ 30. Ka2 Rb6 31. Qc1+ Kb8 32. Ra5 Ne8 33. Nb1 Qg7 34. Na3 Qb7 35. Bd1 Nc7 36. Qd2 Bb4 37. Bc3 Bxa5 38. Bxa5 Rc6 39. b4 Nb5 40. Nxb5 Qxb5 41. Bb3 Bc4 42. h4 Bxb3+ 43. Kxb3 Qd3+ 44. Qxd3 exd3 45. b5 Rc8 46. Bc3 Re8 47. Bd2 Rc8 48. Bc3 Kb7 49. Kb4 Kb6 0-1